000
00358nam a2200169Ia 4500
100
_a
Spurk/Joseph H
650
_a
Mechanics
942
_c
BK
366
_f
20
654
_a
fluid mechanics
245
_a
Fluid mechanics
260
_b
Springer International
_c
1997
082
_a
532
_b
SPU
300
_a
513
546
_a
ENGLISH
_c
Info.Tech
999
_c
28893
_d
28893